00290nam a22000857a 4500008004100000082002100041245008500062260004900147300000800196230704b xxu||||| |||| 00| 0 eng d a362..1bCOM 1964 aReport of the Committee for the Care and Rehabilitation of the Disabled in Kenya bMinistry of Labour and Social Servicesc1964 a28p